Guidelines for the preparation of bibliographies (Record no. 14665)

MARC details
000 -LEADER
fixed length control field 00259nam a2200097Ia 4500
082 ## - DEWEY DECIMAL CLASSIFICATION NUMBER
Classification number RR 010.28 GUI
245 #0 - TITLE STATEMENT
Title Guidelines for the preparation of bibliographies
260 ## - PUBLICATION, DISTRIBUTION, ETC. (IMPRINT)
Place of publication Beltsville, USA
Name of publisher National Agricultural Library
Year of publication 1982
300 ## - PHYSICAL DESCRIPTION
Number of Pages 64p.
942 ## - ADDED ENTRY ELEMENTS (KOHA)
Koha item type Books
Holdings
Withdrawn status Lost status Damaged status Not for loan Home library Current library Date acquired Bill Date Full call number Accession Number Price effective from Koha item type
        NASSDOC Library NASSDOC Library 08/10/2004 2004-10-22 RR 010.28 GUI 16994 18/04/2019 Books